Historia de la familia europea

Сохранить в:
Библиографические подробности
Главные авторы: Kertzer, David I (Автор), Barbagli, Marzio (Автор)
Формат:
Язык:испанский
Опубликовано: Barcelona Paidós 2002
Серии:Paidós Orígenes, 36
Предметы:
Метки: Добавить метку
Нет меток, Требуется 1-ая метка записи!

MARC

LEADER 00000nam a2200000 a 4500
001 UCM9935
003 CL-VaPUC
008 030530e20020000SP |||||||||||||||||spa|d
082 0 4 |a 306.8  |b KER  |2 21 
100 |a Kertzer, David I  |e author  |9 481137 
700 0 |a Barbagli, Marzio  |e author  |9 476587 
245 1 0 |a Historia de la familia europea 
300 |a v 
942 |c BK 
945 |d 20030530 00:00:00  |a cmena 
260 |a Barcelona  |b Paidós  |c 2002 
500 |a v.1: La vida familiar a principios de la era moderna: 1500-1789 
500 |a v.3: La vida familiar en el siglo XX 
650 0 |a Familias   |9 255641 
650 7 |a MEDIO FAMILIAR  |2 CL-VaPUC  |9 337153 
650 0 |a Vida familiar  |9 308049 
650 7 |a RELACIONES FAMILIARES  |2 CL-VaPUC  |9 333100 
650 7 |a ESTRUCTURA SOCIAL  |2 CL-VaPUC  |9 476588 
650 0 |a Antropología social  |9 306264 
651 0 |a Europa  |9 255156 
583 |a last modification  |c 20030530 00:00:00  |k Rodrigo Vera 
490 0 |a Paidós Orígenes, 36 
999 |c 304009  |d 304007 
952 |0 0  |1 0  |4 0  |6 306_800000000000000_KER_2002  |7 0  |8 A  |9 365734  |a BIBHIS  |b BIBHIS  |d 2019-11-21  |h v.1  |i 3889890  |o 306.8 KER 2002  |p 3889890  |r 2025-01-20  |w 2019-11-21  |y BK  |k HIS 
952 |0 0  |1 0  |4 0  |6 306_800000000000000_KER_2002  |7 0  |8 A  |9 365735  |a BIBHIS  |b BIBHIS  |d 2019-11-21  |h v.3  |i 4071247  |o 306.8 KER 2002  |p 4071247  |r 2025-01-20  |w 2019-11-21  |y BK  |k HIS